Marketing in Japan A Management guide
This book provides skills about management marketing in Japan
Sparad:
| Huvudupphovsman: | |
|---|---|
| Materialtyp: | Bok |
| Språk: | Undetermined |
| Publicerad: |
New York
Praeger
1975
|
| Ämnen: | |
| Taggar: |
Lägg till en tagg
Inga taggar, Lägg till första taggen!
|
| Thư viện lưu trữ: | Trung tâm Học liệu Trường Đại học Cần Thơ |
|---|
| LEADER | 00560nam a2200205Ia 4500 | ||
|---|---|---|---|
| 001 | CTU_106991 | ||
| 008 | 210402s9999 xx 000 0 und d | ||
| 082 | |a 658.8 | ||
| 082 | |b Y82 | ||
| 100 | |a Yoshino, M. Y. | ||
| 245 | 0 | |a Marketing in Japan A Management guide | |
| 245 | 0 | |c M. Y. Yoshino | |
| 260 | |a New York | ||
| 260 | |b Praeger | ||
| 260 | |c 1975 | ||
| 520 | |a This book provides skills about management marketing in Japan | ||
| 650 | |a Marketing | ||
| 650 | |z Japan | ||
| 904 | |i Năm | ||
| 980 | |a Trung tâm Học liệu Trường Đại học Cần Thơ | ||